| 000 | 00575nam a22001817a 4500 | ||
|---|---|---|---|
| 005 | 20231212125926.0 | ||
| 008 | 231212b |||||||| |||| 00| 0 eng d | ||
| 020 | _a978776320486 ; 9781776320493 | ||
| 041 | _aEnglish | ||
| 082 | _a346.2 CHR | ||
| 100 |
_aChristie, RH _lEnglish |
||
| 245 |
_aChristie's : The Law of Contract in South Africa / _cRH Christie |
||
| 250 | _a8th Edition | ||
| 260 |
_aDurban : _bLexisNexis (Pty) Ltd, _c2022 |
||
| 300 |
_bxii, 843 pages ; _c25 cm. |
||
| 650 |
_aLegal practice _bLaw |
||
| 942 |
_cBK _6ALISON_BN_VRIES |
||
| 999 |
_c1181 _d1181 |
||